Investigación de operaciones

Saved in:
Bibliografiske detaljer
Main Authors: Hillier, Frederick S (Author), Lieberman, Gerald J (Author)
Format: Bog
Sprog:spansk
Udgivet: Ciudad de México McGraw Hill 2002
Fag:
Tags: Tilføj Tag
Ingen Tags, Vær først til at tagge denne postø!

MARC

LEADER 00000nam a2200000 a 4500
001 UCM1226
003 CL-VaPUC
008 020328e20020000MX |||||||||||||||||spa|d
020 |a 9701034864 
082 0 4 |a 658.403  |b HIL  |2 21 
100 |a Hillier, Frederick S  |e author  |9 574815 
700 0 |a Lieberman, Gerald J  |e author  |9 468214 
245 1 0 |a Investigación de operaciones 
300 |a 1223 p 
942 |c BK 
945 |d 20020328 00:00:00  |a vberengu 
260 |a Ciudad de México  |b McGraw Hill  |c 2002 
500 |a Incluye Cd-Rom 
650 0 |a Toma de decisiones   |9 257530 
650 0 |a Programación lineal   |9 23 
650 0 |a Método Simplex  |9 450538 
650 0 |a Programación dinámica   |9 324757 
650 0 |a Teoría de juegos  |9 263826 
650 0 |a Cadenas de Markov  |9 350699 
650 7 |a TEORIA DE COLAS  |2 CL-VaPUC  |9 336936 
650 7 |a TEORIA DE INVENTARIO  |2 CL-VaPUC  |9 427409 
583 |a last modification  |c 20150714 11:04:46  |k Rodrigo Vera 
999 |c 299825  |d 299823 
952 |0 0  |1 0  |4 0  |6 658_403000000000000_HIL_2002  |7 0  |8 R  |9 356780  |a BIBGIM  |b BIBGIM  |d 2019-11-21  |i 3803317  |l 1  |o 658.403 HIL 2002  |p 3803317  |r 2025-03-20  |s 2025-03-20  |w 2019-11-21  |y BK_R  |k GIM 
952 |0 0  |1 0  |4 0  |6 658_403000000000000_HIL_2002  |7 0  |8 R  |9 356781  |a BIBGIM  |b BIBGIM  |d 2019-11-21  |i 3806324  |l 1  |o 658.403 HIL 2002  |p 3806324  |r 2025-04-01  |s 2025-04-01  |w 2019-11-21  |y BK_R  |k GIM 
952 |0 0  |1 0  |4 0  |6 658_403000000000000_HIL_2002  |7 0  |8 R  |9 356782  |a BIBENE  |b BIBENE  |d 2019-11-21  |i 3809781  |o 658.403 HIL 2002  |p 3809781  |r 2025-01-15  |w 2019-11-21  |y BK_R  |k ICO 
952 |0 0  |1 0  |4 0  |6 658_403000000000000_HIL_2002  |7 0  |8 R  |9 356783  |a BIBENE  |b BIBENE  |d 2019-11-21  |i 380979K  |o 658.403 HIL 2002  |p 380979K  |r 2025-01-15  |w 2019-11-21  |y BK_R  |k ICO 
952 |0 0  |1 0  |4 0  |6 658_403000000000000_HIL_2002  |7 0  |8 R  |9 356784  |a BIBENE  |b BIBENE  |d 2019-11-21  |i 3809803  |o 658.403 HIL 2002  |p 3809803  |r 2025-01-15  |w 2019-11-21  |y BK_R  |k ICO 
952 |0 0  |1 0  |4 0  |6 658_403000000000000_HIL_2002  |7 0  |8 R  |9 356785  |a BIBENE  |b BIBENE  |d 2019-11-21  |i 3809811  |o 658.403 HIL 2002  |p 3809811  |r 2025-01-15  |w 2019-11-21  |y BK_R  |k ICO 
952 |0 0  |1 0  |4 0  |6 658_403000000000000_HIL_2002  |7 0  |8 R  |9 356786  |a BIBENE  |b BIBENE  |d 2019-11-21  |i 380982K  |o 658.403 HIL 2002  |p 380982K  |r 2025-01-15  |w 2019-11-21  |y BK_R  |k ICO 
952 |0 0  |1 0  |4 0  |6 658_403000000000000_HIL_2002  |7 0  |8 R  |9 356787  |a BIBENE  |b BIBENE  |d 2019-11-21  |i 389598K  |o 658.403 HIL 2002  |p 389598K  |r 2025-01-15  |w 2019-11-21  |y BK_R  |k ICO 
952 |0 0  |1 0  |4 0  |6 658_403000000000000_HIL_2002  |7 0  |8 CCM  |9 356788  |a BIBCUR  |b BIBCUR  |d 2019-11-21  |i 3931463  |o 658.403 HIL 2002  |p 3931463  |r 2025-04-22  |w 2019-11-21  |y BK_R  |k CIM 
952 |0 0  |1 0  |4 0  |6 658_403000000000000_HIL_2002  |7 0  |8 A  |9 356789  |a BIBING  |b BIBING  |d 2019-11-21  |i 3972356  |o 658.403 HIL 2002  |p 3972356  |r 2025-01-20  |w 2019-11-21  |y BK  |k TRA 
952 |0 0  |1 0  |4 0  |6 658_403000000000000_HIL_2002  |7 0  |8 A  |9 356790  |a BIBING  |b BIBING  |d 2019-11-21  |i 3972364  |o 658.403 HIL 2002  |p 3972364  |r 2025-01-20  |w 2019-11-21  |y BK  |k TRA 
952 |0 0  |1 0  |4 0  |6 658_403000000000000_HIL_2002  |7 0  |8 A  |9 356791  |a BIBING  |b BIBING  |d 2019-11-21  |i 3972372  |o 658.403 HIL 2002  |p 3972372  |r 2025-01-20  |w 2019-11-21  |y BK  |k TRA 
952 |0 0  |1 0  |4 0  |6 658_403000000000000_HIL_2002  |7 0  |8 A  |9 356795  |a BIBING  |b BIBING  |d 2019-11-21  |i 4337514  |l 1  |o 658.403 HIL 2002  |p 4337514  |r 2025-01-20  |s 2024-10-22  |w 2019-11-21  |y BK  |k ING